000 00999nmc a2200313 a 4500
003 AR-BaBNM
005 20251128210347.0
008 010020s1998 ||||||||||||||000 | spa||
020 _a987-9336-04-6
040 _cAR-BaBNM
245 1 0 _aJohn William Cooke
_bel diputado y el político
260 _aBuenos Aires
_bCírculo de Legisladores de la Nación Argentina
_c1998
300 0 _a95 p.
490 0 _aVidas, ideas y obras de los legisladores argentinos
_vv. 16
500 0 _aContiene textos parlamentarios de John William Cooke
504 _aBibliografía p. 30-31
600 1 4 _aCooke, John William
_d1920-1968
650 4 _aHISTORIA ARGENTINA
650 4 _aBIOGRAFIAS
650 4 _aHISTORIA POLITICA ARGENTINA
650 4 _aLEGISLACION ARGENTINA
650 4 _aSIGLO VEINTE
650 4 _aPARTIDOS POLITICOS ARGENTINOS
655 _aBIOGRAFIAS
700 1 _aChávez, Fermín
_eprologuista
800 1 _aMárquez, Alfonso Carlos
_edirector
942 _cBK
998 _cMariana
999 _c15134
_d15134